[Event "AUT-ch U18"]
[Site "St Veit"]
[Date "2023.04.04"]
[Round "5"]
[White "Pernerstorfer, Moritz"]
[Black "Lotz, Dominik"]
[Result "1/2-1/2"]
[WhiteElo "1932"]
[BlackElo "1821"]
[PlyCount "64"]
[EventDate "2023.04.02"]
[EventType "swiss"]
[EventRounds "7"]
[EventCountry "AUT"]
[SourceTitle "EXT 2024"]
[Source "ChessBase"]
[SourceDate "2023.10.10"]
[SourceVersion "1"]
[SourceVersionDate "2023.10.10"]
[SourceQuality "1"]

1. e4 c5 2. Nf3 d6 3. d4 cxd4 4. Nxd4 Nf6 5. Nc3 a6 6. Be3 e5 7. Nb3 Be6 8. f3 Be7 9. Qd2 0-0 10. 0-0-0 Nbd7 11. g4 b5 12. g5 b4 13. Ne2 Ne8 14. f4 a5 15. f5 Bc4 16. Kb1 a4 17. Nbc1 d5 18. Ng3 Qc7 19. f6 gxf6 20. gxf6 Ndxf6 21. Nf5 Kh8 22. Nxe7 Nxe4 23. Qxb4 N8d6 24. Nxd5 Bxd5 25. Rxd5 Rab8 26. Rb5 Nxb5 27. Bxb5 Nc3+ 28. Qxc3 Qxc3 29. bxc3 Rxb5+ 30. Ka1 Rc8 31. Bd2 f5 32. Nd3 Kg7 1/2-1/2

[Event "AUT-ch U18"]
[Site "St Veit"]
[Date "2023.04.02"]
[Round "1"]
[White "Balint, Peter1111"]
[Black "Lotz, Dominik"]
[Result "1-0"]
[WhiteElo "2217"]
[BlackElo "1821"]
[PlyCount "71"]
[EventDate "2023.04.02"]
[EventType "swiss"]
[EventRounds "7"]
[EventCountry "AUT"]
[SourceTitle "EXT 2024"]
[Source "ChessBase"]
[SourceDate "2023.10.10"]
[SourceVersion "1"]
[SourceVersionDate "2023.10.10"]
[SourceQuality "1"]

1. e4 c6 2. d4 d5 3. e5 Bf5 4. c4 e6 5. Nc3 Nd7 6. a3 Ne7 7. c5 Bg6 8. h4 h6 9. h5 Bh7 10. g4 Qc7 11. Be3 b6 12. b4 Rd8 13. f4 f6 14. Nf3 Be4 15. Be2 Bxf3 16. Bxf3 fxe5 17. fxe5 Nxe5 18. dxe5 Qxe5 19. Qd4 Qg3+ 20. Ke2 e5 21. Qd3 e4 22. Nxe4 dxe4 23. Qxe4 Qc7 24. Bf4 Qc8 25. Bd6 Kf7 26. Qf4+ Kg8 27. Bxe7 Qe6+ 28. Kf2 Bxe7 29. cxb6 axb6 30. Rhd1 Rf8 31. Qg3 Qb3 32. Kg2 Qc2+ 33. Kh1 Bg5 34. Rd7 Bf4 35. Qg2 Qc3 36. Qa2+ 1-0

[Event "Fuerstenfeld U18 op 5th"]
[Site "Fuerstenfeld"]
[Date "2022.07.22"]
[Round "3"]
[White "Kasa, Barnabas"]
[Black "Lotz, Dominik"]
[Result "1/2-1/2"]
[WhiteElo "1379"]
[BlackElo "1747"]
[PlyCount "102"]
[EventDate "2022.07.21"]
[EventType "swiss"]
[EventRounds "7"]
[EventCountry "AUT"]
[SourceTitle "CBM 209 Extra"]
[Source "ChessBase"]
[SourceDate "2022.09.30"]
[SourceVersion "1"]
[SourceVersionDate "2022.09.30"]
[SourceQuality "1"]

1. e4 c6 2. d4 d5 3. Nc3 dxe4 4. Nxe4 Bf5 5. Ng3 Bg6 6. h4 h6 7. Nf3 Nd7 8. h5 Bh7 9. Bd3 Bxd3 10. Qxd3 e6 11. Bd2 Ngf6 12. 0-0-0 Bd6 13. Ne4 Nxe4 14. Qxe4 Nf6 15. Qe2 Qb6 16. c4 Qa6 17. Kb1 0-0-0 18. b3 Rhe8 19. Ne5 Re7 20. Bc3 Kb8 21. f4 Nd5 22. Qf3 Nxc3+ 23. Qxc3 Bxe5 24. dxe5 Red7 25. Rxd7 Rxd7 26. Qc2 Qa5 27. Rd1 Qd8 28. Kc1 Rd4 29. g4 Kc7 30. g5 hxg5 31. Rxd4 Qxd4 32. fxg5 Qxe5 33. Qd2 Qa1+ 34. Kc2 Qxa2+ 35. Kc3 Qa1+ 36. Kc2 Qe5 37. h6 Qf5+ 38. Kc1 gxh6 39. gxh6 Qh7 40. Qf4+ Kc8 41. Qg5 Qd3 42. Qg8+ Kc7 43. Qxf7+ Kb6 44. h7 Qc3+ 45. Kd1 Qd3+ 46. Ke1 Qe3+ 47. Kf1 Qd3+ 48. Kg2 Qe4+ 49. Kg1 Qg4+ 50. Kh2 Qh4+ 51. Kg2 Qe4+ 1/2-1/2

[Event "AUT-ch U18"]
[Site "St Veit"]
[Date "2022.04.12"]
[Round "5"]
[White "Marte, Lukas"]
[Black "Lotz, Dominik"]
[Result "0-1"]
[WhiteElo "1659"]
[BlackElo "1583"]
[PlyCount "82"]
[EventDate "2022.04.10"]
[EventType "swiss"]
[EventRounds "7"]
[EventCountry "AUT"]
[SourceTitle "EXT 2023"]
[Source "ChessBase"]
[SourceDate "2022.10.05"]
[SourceVersion "1"]
[SourceVersionDate "2022.10.05"]
[SourceQuality "1"]

1. e4 c6 2. d4 d5 3. e5 Bf5 4. Bd3 Bxd3 5. Qxd3 e6 6. Be3 Nd7 7. Nd2 Qb6 8. Qb3 Ne7 9. Ne2 Nf5 10. c3 Qa6 11. Qc2 c5 12. Nf3 Rc8 13. Qd2 cxd4 14. Bxd4 Nc5 15. Bxc5 Bxc5 16. 0-0 0-0 17. Ned4 Ne7 18. a4 Bxd4 19. Nxd4 Nc6 20. f4 Nxd4 21. cxd4 Rc6 22. Rfc1 Rfc8 23. g3 h6 24. Rc3 Rxc3 25. bxc3 Rc4 26. Qb2 Rxa4 27. Rxa4 Qxa4 28. Qxb7 Qa1+ 29. Kg2 a5 30. Qb8+ Kh7 31. Qc7 Kg6 32. h4 h5 33. g4 Qd1 34. f5+ Kh7 35. gxh5 Qg4+ 36. Kf2 Qxf5+ 37. Ke3 a4 38. Qa7 Qc2 39. Qxf7 Qxc3+ 40. Ke2 Qc2+ 41. Kf3 Qe4+ 0-1

[Event "AUT-ch U18"]
[Site "St Veit"]
[Date "2022.04.10"]
[Round "1"]
[White "Weichhart, Daniel"]
[Black "Lotz, Dominik"]
[Result "1-0"]
[WhiteElo "2022"]
[BlackElo "1583"]
[PlyCount "57"]
[EventDate "2022.04.10"]
[EventType "swiss"]
[EventRounds "7"]
[EventCountry "AUT"]
[SourceTitle "EXT 2023"]
[Source "ChessBase"]
[SourceDate "2022.10.05"]
[SourceVersion "1"]
[SourceVersionDate "2022.10.05"]
[SourceQuality "1"]

1. c4 c5 2. Nf3 Nc6 3. Nc3 e6 4. d4 cxd4 5. Nxd4 a6 6. g3 Nge7 7. Bg2 Qc7 8. b3 Nxd4 9. Qxd4 Nc6 10. Qd2 Qa5 11. Bb2 Ba3 12. 0-0 Bxb2 13. Qxb2 0-0 14. Rad1 Rd8 15. Rd6 Qc7 16. Rfd1 Ne7 17. h4 Rb8 18. a4 b6 19. Qd2 Kf8 20. Rd3 Ng6 21. h5 Ne5 22. Rd6 Ng4 23. Qg5 Nh6 24. Rc6 f6 25. Qxg7+ Kxg7 26. Rxc7 Kf7 27. Ne4 Ke7 28. Nd6 f5 29. Bc6 1-0

[Event "AUT-ch U14"]
[Site "St Veit"]
[Date "2019.06.10"]
[Round "6.11"]
[White "Tumanyan, Gor"]
[Black "Lotz, Dominik"]
[Result "1-0"]
[WhiteElo "1659"]
[BlackElo "1382"]
[PlyCount "59"]
[EventDate "2019.06.08"]
[EventType "swiss"]
[EventRounds "7"]
[EventCountry "AUT"]
[SourceTitle "EXT 2024"]
[Source "ChessBase"]
[SourceDate "2023.10.10"]
[SourceVersion "1"]
[SourceVersionDate "2023.10.10"]
[SourceQuality "1"]

1. d4 d5 2. c4 c6 3. Nf3 Nf6 4. e3 e6 5. b3 Nbd7 6. Bd3 Bd6 7. 0-0 0-0 8. Bb2 Re8 9. Ne5 c5 10. f4 g6 11. Nd2 Qc7 12. Rc1 Qb6 13. Ndf3 cxd4 14. Bxd4 Bc5 15. cxd5 Bxd4 16. exd4 Nxe5 17. fxe5 Nxd5 18. Qd2 Bd7 19. Kh1 Kg7 20. Bc4 Bb5 21. a4 Bxc4 22. bxc4 Ne7 23. a5 Qc6 24. h4 Nf5 25. Kh2 h6 26. Qf4 Red8 27. g4 Ne7 28. Qf6+ Kf8 29. Ng5 Qe8 30. Nxe6+ 1-0

[Event "AUT-ch U14"]
[Site "St Veit"]
[Date "2019.06.09"]
[Round "4.8"]
[White "Lotz, Dominik"]
[Black "Zeindl, Noah"]
[Result "1/2-1/2"]
[WhiteElo "1382"]
[BlackElo "1166"]
[PlyCount "125"]
[EventDate "2019.06.08"]
[EventType "swiss"]
[EventRounds "7"]
[EventCountry "AUT"]
[SourceTitle "EXT 2024"]
[Source "ChessBase"]
[SourceDate "2023.10.10"]
[SourceVersion "1"]
[SourceVersionDate "2023.10.10"]
[SourceQuality "1"]

1. e4 e5 2. Nf3 Nc6 3. Nc3 Nf6 4. Bc4 d6 5. d4 exd4 6. Nxd4 Nxd4 7. Qxd4 Bd7 8. Be3 Be7 9. Bb3 Bc6 10. Bd5 Bxd5 11. Nxd5 c6 12. Nc3 Qc7 13. Rd1 Rd8 14. Qxa7 d5 15. Bb6 Qb8 16. Qxb8 Rxb8 17. exd5 cxd5 18. Nxd5 Nd7 19. Bd4 f6 20. Nxe7 Kxe7 21. 0-0 Rhc8 22. Rfe1+ Kf8 23. Bc3 Nb6 24. Bb4+ Kf7 25. c3 Rc6 26. g3 Nc4 27. b3 Ne5 28. Kg2 g5 29. Bd6 Ra8 30. Bxe5 fxe5 31. Re2 Ke6 32. c4 Ra5 33. f4 Rca6 34. a4 Rb6 35. Rd3 gxf4 36. gxf4 Kf5 37. fxe5 Rxe5 38. Rxe5+ Kxe5 39. Rd5+ Ke4 40. Rb5 Rg6+ 41. Kh3 Rg7 42. Kh4 Kd4 43. Kh5 Rg2 44. h4 Rg7 45. Kh6 Rc7 46. h5 Kc3 47. Rg5 Kxb3 48. Rg7 Rc6+ 49. Kxh7 b6 50. Rg6 Rc7+ 51. Kg8 Rc8+ 52. Kg7 Rc7+ 53. Kf6 Kxa4 54. Ke5 Rc5+ 55. Kd4 Rxh5 56. Rxb6 Rh4+ 57. Kc3 Rh3+ 58. Kd4 Rh4+ 59. Kc5 Rh5+ 60. Kc6 Rh6+ 61. Kb7 Rh7+ 62. Ka6 Rc7 63. Rb1 1/2-1/2